000
00279nam a2200121Ia 4500
008
190216s9999||||xx |||||||||||||| ||und||
100
_a
Rao K J M
245
0
_a
Introduction To Electronics
260
_b
Oxford & I B H
_c
1985
300
_a
446p
650
_a
Physics
942
_c
BK
999
_c
33065
_d
33065